000 00770nam a22001217a 4500
040 _cRUA
082 _aLMA SOK 2024 B1-398 Or.1
100 _aSOK PISETH សុខ ពិសិដ្ឋ
245 _aSTUDY OF CREATING A LAND USE MASTER PLAN FOR ODONGK MAECHAY CITY, KAMPONG SPEU PROVINCE, USING GIS ការសិក្សាអំពីការប្រើប្រាស់ប្រព័ន្ធព័ត៌មានភូមិសាស្ត្រ (GIS) ដើម្បីគាំទ្រការកសាងផែនទីប្លង់គោលប្រើប្រាស់ដីក្រុងឧដុង្គម៉ែជ័យ ខេត្តកំពង់ស្ពឺ
260 _aRUA
_bPHNOM PENH
_c2024
300 _ax
_bill
_c29cm
942 _cLMA
999 _c24944
_d24944